| 000 | 00352nam a2200133Ia 4500 | ||
|---|---|---|---|
| 008 | 240624s9999 xx 000 0 und d | ||
| 041 | _aeng | ||
| 082 | _a302.35 BAL | ||
| 100 | _aBALZAC STEPHEN R | ||
| 245 | _aORGANIZATIONAL PSYCHOLOGY FOR MANAGERS | ||
| 260 |
_c2014 _aNew York _bSpringer |
||
| 300 | _axvii, : 266 : p. : cm. ; 24 | ||
| 365 |
_cERU _b28 |
||
| 999 |
_c23490 _d23490 |
||